Učitavanje...
Paanch behatreen kahaniyan
| Glavni autor: | |
|---|---|
| Format: | Printed Book |
| Jezik: | Undetermined |
| Izdano: |
vani prakashan,
2013
|
| Teme: |
| LEADER | 00442nam a2200133Ia 4500 | ||
|---|---|---|---|
| 008 | 200324s9999 xx 000 0 und d | ||
| 082 | |a 8H3.01 |b MAH--P | ||
| 100 | |a Mahadevi Varma | ||
| 245 | 0 | |a Paanch behatreen kahaniyan | |
| 260 | |b vani prakashan, |c 2013 | ||
| 650 | |a short story | ||
| 942 | |c BK | ||
| 999 | |c 286750 |d 286750 | ||
| 952 | |0 0 |1 0 |4 0 |6 8H3_01_000000000000000_MAHP |7 0 |9 305290 |a SDE |b SDE |d 2019-04-01 |l 0 |o 8H3.01 MAH--P |p SDE22567 |r 2020-03-27 |w 2020-03-27 |y BK | ||